Polish agriculture and food processing industry-facts and prospects
Saved in:
| Main Author: | |
|---|---|
| Other Authors: | |
| Format: | Book |
| Language: | English |
| Published: |
Kiel
Institut für Weltwirtschaft
1993
|
| Series: | Kiel Working Paper
No. 554 |
| Subjects: | |
| Tags: |
No Tags, Be the first to tag this record!
|
MARC
| LEADER | 00000nam a2200000 4500 | ||
|---|---|---|---|
| 001 | c010707 | ||
| 005 | 20250521092740.8 | ||
| 041 | 0 | |a eng | |
| 044 | |a DE | ||
| 245 | 1 | 0 | |a Polish agriculture and food processing industry-facts and prospects |c Hugo Dicke, Josef Misala |
| 264 | 1 | |a Kiel |b Institut für Weltwirtschaft |c 1993 | |
| 300 | |a 62 s. | ||
| 490 | 1 | |a Kiel Working Paper |v No. 554 | |
| 830 | 0 | |a Kiel Working Paper |v No. 554 | |
| 610 | 2 | 0 | |a poľnohospodárstvo |
| 610 | 2 | 0 | |a výroba poľnohospodárska |
| 610 | 2 | 0 | |a výrobky poľnohospodárske |
| 610 | 2 | 0 | |a potravinárstvo |
| 100 | 1 | |a Dicke, Hugo | |
| 700 | 1 | |a Misala, Józef | |